[Event "Volgograd Region-ch"]
[Site "Volgograd"]
[Date "2010.03.06"]
[Round "8"]
[White "Sukharev, Alexander"]
[Black "Silkin, Anatoly"]
[Result "0-1"]
[WhiteElo "2267"]
[BlackElo "2243"]
[PlyCount "122"]
[EventDate "2010.02.28"]
[EventType "swiss"]
[EventRounds "9"]
[EventCountry "RUS"]
[SourceTitle "EXT 2012"]
[Source "ChessBase"]
[SourceDate "2011.11.24"]
[SourceVersion "1"]
[SourceVersionDate "2011.11.24"]
[SourceQuality "1"]

1. Nf3 c5 2. g3 Nc6 3. Bg2 e5 4. d3 d5 5. Nbd2 f6 6. 0-0 Be6 7. e4 Nge7 8. c3 Qd7 9. Qc2 Bh3 10. Nb3 b6 11. Nbd2 h5 12. Re1 d4 13. cxd4 cxd4 14. a3 h4 15. Nxh4 Rxh4 16. Bxh3 Rxh3 17. Nf1 Kf7 18. Bd2 Rc8 19. Qd1 Ng6 20. Rc1 Bd6 21. Qa4 Rhh8 22. Rc2 Rc7 23. Rec1 Rhc8 24. h4 Nge7 25. Kg2 Nb8 26. Qb3+ Qe6 27. Rc4 Rxc4 28. dxc4 Nbc6 29. Qd3 a5 30. Qe2 Rh8 31. Qd1 g5 32. h5 g4 33. Qb3 Bc5 34. Qb5 Rxh5 35. b4 axb4 36. axb4 Bd6 37. Qxb6 Rh8 38. c5 Rb8 39. Qa6 Bc7 40. b5 Qb3 41. bxc6 Qf3+ 42. Kg1 Rh8 43. Nh2 Qxe4 44. Qc4+ Qd5 45. Qxd5+ Nxd5 46. Ra1 Ke6 47. Nxg4 Rb8 48. Nh2 Ne7 49. Kf1 Nxc6 50. Ke2 Kd5 51. Rc1 Rb5 52. Nf1 Rxc5 53. Rxc5+ Kxc5 54. g4 e4 55. Bh6 Ne5 56. Bf4 Kd5 57. Nd2 Bd8 58. Bxe5 Kxe5 59. Nc4+ Kf4 60. f3 exf3+ 61. Kf2 d3 0-1

[Event "Volgograd Christmas op"]
[Site "Volgograd"]
[Date "2010.01.09"]
[Round "7"]
[White "Usachev, Oleg"]
[Black "Silkin, Anatoly"]
[Result "0-1"]
[WhiteElo "2128"]
[BlackElo "2243"]
[PlyCount "78"]
[EventDate "2010.01.03"]
[EventType "swiss"]
[EventRounds "9"]
[EventCountry "RUS"]
[SourceTitle "CBM 134 Extra"]
[Source "ChessBase"]
[SourceDate "2010.03.03"]
[SourceVersion "1"]
[SourceVersionDate "2010.03.03"]
[SourceQuality "1"]

1. d4 Nf6 2. c4 e6 3. Nc3 c5 4. Nf3 cxd4 5. Nxd4 a6 6. g3 Qc7 7. Qd3 Nc6 8. Nxc6 bxc6 9. Bg2 Bb7 10. 0-0 Be7 11. Bf4 e5 12. Bg5 d6 13. Rfd1 Rd8 14. b4 0-0 15. a4 d5 16. b5 e4 17. Qc2 cxb5 18. axb5 Qxc4 19. Ra4 Bb4 20. bxa6 Bxa6 21. Bxf6 gxf6 22. Rxa6 f5 23. Qa4 Qxc3 24. Rc6 Bc5 25. Qb5 Rc8 26. Rxc8 Rxc8 27. Qd7 Bb6 28. Qxf5 Rc5 29. Rb1 Bc7 30. h4 Qe5 31. Qg4+ Kf8 32. Rb7 h5 33. Qc8+ Kg7 34. Qd7 Qd6 35. Qf5 Qg6 36. Qd7 Be5 37. Kh2 Qf6 38. Kg1 Rc1+ 39. Bf1 Bxg3 0-1

[Event "Volgograd Christmas op"]
[Site "Volgograd"]
[Date "2010.01.03"]
[Round "1"]
[White "Trifonov, Alexandr"]
[Black "Silkin, Anatoly"]
[Result "1-0"]
[WhiteElo "2366"]
[BlackElo "2243"]
[PlyCount "71"]
[EventDate "2010.01.03"]
[EventType "swiss"]
[EventRounds "9"]
[EventCountry "RUS"]
[SourceTitle "CBM 134 Extra"]
[Source "ChessBase"]
[SourceDate "2010.03.03"]
[SourceVersion "1"]
[SourceVersionDate "2010.03.03"]
[SourceQuality "1"]

1. e4 e5 2. Nf3 Nc6 3. d4 exd4 4. Nxd4 Nf6 5. Nxc6 bxc6 6. e5 Qe7 7. Qe2 Nd5 8. c4 Ba6 9. b3 0-0-0 10. Bb2 Kb8 11. g3 f6 12. Bg2 fxe5 13. 0-0 Re8 14. Qd2 Nf6 15. Re1 Qd6 16. Qc2 e4 17. Nd2 Qd3 18. Qxd3 exd3 19. Bxf6 Rxe1+ 20. Rxe1 gxf6 21. Re8+ Bc8 22. Be4 Bg7 23. Rxh8 Bxh8 24. Bxh7 Ba6 25. Bxd3 d5 26. Kf1 Bg7 27. Ke2 d4 28. Bf5 Bc8 29. Bxc8 Kxc8 30. Kd3 f5 31. c5 Kd7 32. Nf3 Ke6 33. Nxd4+ Kd5 34. Nxf5 Bb2 35. b4 a5 36. Ne3+ 1-0

[Event "Volgograd CC 25"]
[Site "Volgograd"]
[Date "2009.10.11"]
[Round "9"]
[White "Silkin, Anatoly"]
[Black "Rakhimov, Zinnour K"]
[Result "1-0"]
[WhiteElo "2251"]
[BlackElo "2419"]
[PlyCount "65"]
[EventDate "2009.10.03"]
[EventType "swiss"]
[EventRounds "9"]
[EventCountry "RUS"]
[SourceTitle "EXT 2012"]
[Source "ChessBase"]
[SourceDate "2011.11.24"]
[SourceVersion "1"]
[SourceVersionDate "2011.11.24"]
[SourceQuality "1"]

1. e4 Nf6 2. e5 Nd5 3. d4 d6 4. Nf3 Bg4 5. Be2 e6 6. 0-0 Be7 7. c4 Nb6 8. exd6 cxd6 9. Nc3 0-0 10. Be3 Nc6 11. d5 Bxf3 12. Bxf3 Ne5 13. dxe6 fxe6 14. Bxb7 Rb8 15. Be4 Nbxc4 16. Qh5 g6 17. Qh3 Qc8 18. Bh6 Re8 19. b3 Nb6 20. Rac1 Qd7 21. Be3 Bf6 22. f4 Nf7 23. Rfd1 Bg7 24. a4 Qe7 25. Nb5 Rec8 26. Rxc8+ Nxc8 27. Rc1 a6 28. Rc7 Qe8 29. Bc6 Qf8 30. Qxe6 axb5 31. Bd5 Kh8 32. Rxf7 Qd8 33. Rxg7 1-0

[Event "Volgograd CC 25"]
[Site "Volgograd"]
[Date "2009.10.10"]
[Round "8"]
[White "Zemlyansky, Dmitri"]
[Black "Silkin, Anatoly"]
[Result "1-0"]
[WhiteElo "2208"]
[BlackElo "2251"]
[PlyCount "123"]
[EventDate "2009.10.03"]
[EventType "swiss"]
[EventRounds "9"]
[EventCountry "RUS"]
[SourceTitle "EXT 2012"]
[Source "ChessBase"]
[SourceDate "2011.11.24"]
[SourceVersion "1"]
[SourceVersionDate "2011.11.24"]
[SourceQuality "1"]

1. e4 e5 2. Nf3 Nc6 3. Bb5 a6 4. Ba4 Nf6 5. 0-0 Be7 6. Bxc6 dxc6 7. d3 Nd7 8. Nc3 0-0 9. Ne1 b5 10. f4 b4 11. Ne2 c5 12. f5 Bb7 13. b3 a5 14. Nf3 a4 15. Bb2 Bd6 16. g4 axb3 17. axb3 Qe7 18. Qd2 Rxa1 19. Rxa1 Ra8 20. Rxa8+ Bxa8 21. Qe1 Bb7 22. Ng3 Nb8 23. Nh5 g6 24. Ng3 g5 25. h4 h6 26. Kg2 f6 27. hxg5 hxg5 28. Nd2 Nc6 29. Nc4 Nd4 30. Bxd4 cxd4 31. Qa1 Bc5 32. Qa5 Kf7 33. Nh5 Bd6 34. Qb5 Bc8 35. Qb8 Qd7 36. Nxd6+ cxd6 37. Qxb4 Qc7 38. Qc4+ Qxc4 39. dxc4 Ba6 40. Kf2 Ke7 41. Ke2 Bb7 42. Kd3 Bc6 43. Ng3 Be8 44. Ne2 Kd7 45. c3 dxc3 46. Nxc3 Bf7 47. Nd5 Bxd5 48. cxd5 Kc7 49. Kc4 Kb6 50. Kb4 Ka6 51. Ka4 Kb6 52. b4 Ka6 53. b5+ Kb6 54. Kb4 Ka7 55. Ka5 Kb7 56. b6 Kb8 57. b7 Kxb7 58. Kb5 Kc7 59. Ka6 Kc8 60. Kb6 Kd7 61. Kb7 Ke8 62. Kc7 1-0

[Event "Volgograd CC 25"]
[Site "Volgograd"]
[Date "2009.10.06"]
[Round "4"]
[White "Silkin, Anatoly"]
[Black "Hahalev, Dmitry"]
[Result "1/2-1/2"]
[WhiteElo "2251"]
[BlackElo "2241"]
[PlyCount "108"]
[EventDate "2009.10.03"]
[EventType "swiss"]
[EventRounds "9"]
[EventCountry "RUS"]
[SourceTitle "EXT 2012"]
[Source "ChessBase"]
[SourceDate "2011.11.24"]
[SourceVersion "1"]
[SourceVersionDate "2011.11.24"]
[SourceQuality "1"]

1. e4 c5 2. Nc3 Nc6 3. g3 g6 4. Bg2 Bg7 5. d3 d6 6. Nh3 e5 7. f4 Nge7 8. 0-0 0-0 9. g4 exf4 10. Nxf4 Rb8 11. g5 Be6 12. h4 b5 13. Ncd5 Ne5 14. Nf6+ Bxf6 15. gxf6 N7c6 16. Nxe6 fxe6 17. Bg5 Rf7 18. Bh3 Qe8 19. c3 Nd7 20. d4 cxd4 21. cxd4 e5 22. d5 Nd4 23. h5 Nc5 24. hxg6 hxg6 25. Qg4 Rh7 26. f7+ Rxf7 27. Rxf7 Qxf7 28. Rf1 Qh7 29. Rf6 Nxe4 30. Qxe4 Qxh3 31. Rxg6+ Kf7 32. Rf6+ Kg8 33. Qg6+ Kh8 34. Rf2 Qg3+ 35. Kh1 Qxf2 36. Bf6+ Qxf6 37. Qxf6+ Kg8 38. Qxd6 Re8 39. Qg6+ Kf8 40. Qf6+ Kg8 41. d6 Re6 42. Qg5+ Kf7 43. d7 Nc6 44. d8Q Nxd8 45. Qxd8 a6 46. Kg2 e4 47. Kf2 e3+ 48. Ke2 Kg6 49. b4 Kf7 50. Qd7+ Kf6 51. a4 bxa4 52. Qxa4 Ke7 53. Qa5 Kf6 54. Qd8+ Kf7 1/2-1/2

[Event "Volgograd CC 25"]
[Site "Volgograd"]
[Date "2009.10.03"]
[Round "1"]
[White "Pronin, Vladimir"]
[Black "Silkin, Anatoly"]
[Result "1/2-1/2"]
[WhiteElo "2087"]
[BlackElo "2251"]
[PlyCount "74"]
[EventDate "2009.10.03"]
[EventType "swiss"]
[EventRounds "9"]
[EventCountry "RUS"]
[SourceTitle "EXT 2012"]
[Source "ChessBase"]
[SourceDate "2011.11.24"]
[SourceVersion "1"]
[SourceVersionDate "2011.11.24"]
[SourceQuality "1"]

1. e4 e6 2. d4 d5 3. Nc3 Bb4 4. e5 Ne7 5. Nf3 c5 6. dxc5 Bxc5 7. Bd3 h6 8. Qe2 Nbc6 9. a3 a6 10. h4 b5 11. Bd2 Bb7 12. h5 Qc7 13. Rh3 Nd4 14. Nxd4 Bxd4 15. f4 0-0-0 16. Bxb5 axb5 17. Nxb5 Qb6 18. Rb3 Ba6 19. Nxd4 Qxb3 20. cxb3 Bxe2 21. Kxe2 Kb7 22. Nb5 Nc8 23. a4 Rd7 24. Rc1 g6 25. hxg6 fxg6 26. g3 g5 27. Nd4 gxf4 28. Bxf4 Re7 29. b4 Na7 30. b5 h5 31. Bg5 Ree8 32. Bf6 Rhg8 33. Kf3 Rg4 34. Rd1 Reg8 35. Bh4 Rf8+ 36. Bf6 Rfg8 37. Bh4 Rf8+ 1/2-1/2